Carta sobre los ciegos seguido de carta sobre los sordomudos
Guardat en:
| Autor principal: | |
|---|---|
| Format: | Llibre |
| Idioma: | espanyol |
| Publicat: |
Valencia
Fundación Once
2002
|
| Col·lecció: | Colección Letras Diferentes, 15
|
| Matèries: | |
| Etiquetes: |
Afegir etiqueta
Sense etiquetes, Sigues el primer a etiquetar aquest registre!
|
MARC
| LEADER | 00000cam a2200000 a 4500 | ||
|---|---|---|---|
| 001 | UCG9110 | ||
| 003 | CL-VaPUC | ||
| 008 | 120120e20020000SP |||||||||||||||||spa|d | ||
| 020 | |a 8481914975 | ||
| 082 | 0 | 4 | |a 146.4 |b DID |2 21 |
| 100 | 0 | |a Diderot, Denis |e author |9 560510 | |
| 245 | 1 | 0 | |a Carta sobre los ciegos seguido de carta sobre los sordomudos |
| 300 | |a 168 p | ||
| 942 | |c BK | ||
| 945 | |d 20120120 00:00:00 |a dcastane | ||
| 260 | |a Valencia |b Fundación Once |c 2002 | ||
| 650 | 0 | |a Filosofía |9 223554 | |
| 583 | |a last modification |c 20120120 10:38:00 |k Rodrigo Vera | ||
| 490 | 0 | |a Colección Letras Diferentes, 15 | |
| 999 | |c 346678 |d 346676 | ||
| 952 | |0 0 |1 0 |4 0 |6 146_400000000000000_DID_2002 |7 0 |8 A |9 447480 |a BIBART |b BIBART |d 2019-11-22 |i 4806611 |o 146.4 DID 2002 |p 4806611 |r 2025-03-13 |w 2019-11-22 |y BK |k ART | ||